Statistics for 2018 FIFA World Cup Kit Suppliers

Click here to take the quiz!

General Stats

  • This quiz has been taken 47 times
  • The average score is 5 of 8

Answer Stats

TeamsAnswer% Correct
Australia, Brazil, Croatia, England, France, Nigeria, Poland, Portugal, Saudi Arabia, South KoreaNike
100%
Argentina, Belgium, Colombia, Egypt, Germany, Iran, Japan, Mexico, Morocco, Russia, Spain, SwedenAdidas
98%
Senegal, Serbia, Switzerland, UruguayPuma
84%
PeruUmbro
64%
Costa Rica, PanamaNew Balance
57%
DenmarkHummel
52%
IcelandErreà
23%
TunisiaUhlsport
23%

Score Distribution

Percentile by Number Answered

Percent of People with Each Score

Your Score History

You have not taken this quiz